El aborto Perspectivas filosf̤ica, jurd̕ica y mďica /

Detalles Bibliográficos
Autor principal: Aguirrezabal Grünstein, Maite
Otros Autores: Bertelsen Simonetti, Soledad
Formato: eBook
Lenguaje:español
Publicado: Santiago de Chile: Universidad de los Andes (Chile), 2015
Materias:
Acceso en línea:Acceso restringido

MARC

LEADER 00000nam a22000007a 4500
005 20180402203148.0
007 cr|||| ||||
008 180402s2015 cl |||||s|||| 00||0 spa d
020 |a 978-956-7160-91-4 
035 |a 21301 
040 |a vLex 
090 |c 7623  |d 7623 
100 1 |a Aguirrezabal Grünstein, Maite 
245 1 2 |a El aborto  |h [Recurso electrn̤ico] :  |b Perspectivas filosf̤ica, jurd̕ica y mďica /  |c Maite Aguirrezabal Grünstein, Soledad Bertelsen Simonetti 
256 |a Servicio en ln̕ea 
260 |a Santiago de Chile:  |b Universidad de los Andes (Chile),  |c 2015 
300 |a 1 recurso electrn̤ico 
506 1 |a Disponible solo en los productos indicados  |d vLex Global  |d vLex Global (Academic Edition, excluding Law Schools)  |d vLex Global (U.S. Academic Edition, Law Schools)  |d vLex Global (U.S. Academic Edition, excluding Law Schools)  |d vLex Global (Academic Edition, Law Schools) 
650 0 4 |a Medicina  |z Chile 
650 0 4 |a Filosofa̕ y religin̤  |z Chile 
650 0 4 |a Derecho Constitucional  |z Chile 
700 1 |a Bertelsen Simonetti, Soledad 
740 0 4 |a vLex Libros (Servicio en ln̕ea) 
856 4 0 |u http://vlex.com/source/aborto-perspectivas-filosofica-juridica-y-medica-21301  |z Acceso restringido 
942 |c BOOK 
999 0 |a Medicine 
999 0 |a Philosophy and religion 
999 0 |a Constitutional Law